Responses for Show #1410 - Friday, October 19, 1990

Sara Cox game 3.
Game entered from audiorecording.

Contestants

[<< previous game]

Chris Carter, a software engineer originally from Allegan, Michigan

Steven Bonorris, a lawyer from Washington, D.C. (whose 1-day cash winnings total $15,400)

Sara Cox, a teacher from Bangor, Maine (whose 2-day cash winnings total $32,800)

[next game >>]

Jeopardy! Round responses

STARTS WITH "Q"
THE 1950s
PUBLISHING
BIRDS
POTPOURRI
TV GUIDE SAYS
    $100 6
Quebec

Steven
    $100 11
the transistor

Steven
    $100 13
(Steven: What is the UL seal?)

the Good Housekeeping seal

SaraSteven
    $100 30
the ostrich

Chris
    $100 29
Mohammed

Chris
    $100 1
Bewitched

Steven
    $200 7
a quiver

Steven
    $200 12
land a man on the Moon

Chris
    $200 21
Phoenix

Chris
    $200 27
the peacock

Chris
    $200 28
Perrier

Steven
    $200 2
(Steven: What are the Beverly Hills Hillbillies?)
(Alex: No, that's not the title of the show.)

The Beverly Hillbillies

StevenChris
    $300 8
quinine

Steven
    $300 14
UFO sightings

Chris
    $300 22
Alaska

Chris
    $300 18
preening

Sara
    $300 15
Brookline

Sara
    $300 3
Fawlty Towers

Sara
    $400 9
the Queensbury rules

Chris
    $400 25
Nevada

Chris
    $400 23
Nashville

Sara
    $500 19
(Sara: What is the Delaware blue hen?)
(Alex: Nope, sorry, you picked the wrong one. If you hadn't said Delaware, what other state would you have gone for?)
(Sara: [*].)
(Alex: [*]. That would have been correct, yes.)
(Sara: Closer to home, too.)
(Alex: Closer to home, yes. Well, you'll remember it from now on.)
(Sara: Oh, forever.)

Rhode Island

Sara
    $400 16
221B Baker Street

Chris
    $400 4
Welcome Back, Kotter

Steven
    $500 10
quince

Chris
    $500 26
Ingrid Bergman

Sara
    $500 24
National Review

Chris
    $500 20
the roadrunner

Sara
    $500 17
(Alex: You might think it would have something to do with the law; he was [*].)

Attorney General

Triple Stumper
    $500 5
Three's Company

Chris

Scores at the first commercial break (after clue 14):

Sara Steven Chris
$400 $900 $2,100

Scores at the end of the Jeopardy! Round:

Sara Steven Chris
$1,900 $1,100 $4,300

Double Jeopardy! Round responses

U.S. CITIES
OPERA CHARACTERS
ASTRONOMY
COLLEGES & UNIVERSITIES
FAMOUS WOMEN
EPITAPHS
    $200 15
Alabama

Steven
    $200 1
Ivan IV (Ivan the Terrible)

Chris
    $200 7
The Beatles

Chris
    $200 2
Harvard

Chris
    $200 10
as a jockey

Steven
    $200 22
Benjamin Franklin

Steven
    $400 16
Holland

Chris
    $400 8
pulsars

Chris
    $400 3
Pennsylvania

Steven
    $400 11
Betty Friedan

Sara
    $400 23
Tombstone

Steven
    $600 17
St. Augustine

Chris
    $600 27
Mephistopheles

Steven
    $600 9
elliptical

Sara
    $600 4
Cooper Union

Triple Stumper
    $600 12
Princess Caroline

Steven
    $600 24
Dr. Samuel Johnson

Steven
    $800 18
Frankfort (Kentucky)

Chris
    $800 28
Amahl

Sara
    $800 19
the autumnal equinox

Chris
    $800 5
Ohio

Steven
    $3,100 13
the Episcopal Church

Steven
    $800 25
(Alex: Appropriately named because his name was [*].)

John Gay

Triple Stumper
    $1000 21
(Steven: What is New Haven?)
(Chris: What is Hartford?)

Bridgeport

StevenChris
Triple Stumper
    $4,000 29
[The end-of-round signal sounds.]

a nightingale

Sara
    $1000 20
the Magellan Clouds

Chris
    $1000 6
the University of Chicago

Chris
    $1000 14
Liz Claiborne

Sara
    $1000 26
(Alex: And we're left with OPERA CHARACTERS, we have less than a minute to go.)

(John) Keats

Steven

Scores at the end of the Double Jeopardy! Round:

Sara Steven Chris
$8,700 $8,200 $8,900

[wagering suggestions for these scores]

Final Jeopardy! Round responses

ENGLISH LITERATURE
StevenWhat is Paradise Lost?
$2,000
SaraWhat is Pilgrim's Progess?
$8,700
ChrisWhat is the King James Bible?
$8,501
The Pilgrim's Progress

Final scores:

Sara Steven Chris
$17,400 $6,200 $399
3-day champion: $50,200 2nd place: a trip to Nassau, Bahamas 3rd place: Abigail's Heirlooms Hidden Heart Ring + Nintendo Entertainment System

Game dynamics:

Coryat scores:

Sara Steven Chris
$6,200 $5,900 $8,900
12 R
(including 1 DD),
1 W
(including 1 DD)
18 R
(including 1 DD),
3 W
24 R,
1 W

Combined Coryat: $21,000

[game clues] [game scores] [suggest correction]

Game tape date: 1990-08-27
The J! Archive is created by fans, for fans. Scraping, republication, monetization, and malicious use prohibited; this site may use cookies and collect identifying information. See terms. The Jeopardy! game show and all elements thereof, including but not limited to copyright and trademark thereto, are the property of Jeopardy Productions, Inc. and are protected under law. This website is not affiliated with, sponsored by, or operated by Jeopardy Productions, Inc. Join the discussion at JBoard.tv.